| 000 | 00501nam a2200169 i 4500 | ||
|---|---|---|---|
| 001 | 87977 | ||
| 003 | ES-MaACL | ||
| 005 | 20230906175758.0 | ||
| 007 | t| | ||
| 008 | 041229s1971 sp ||||1| spa d | ||
| 100 | 1 |
_aLaeng, Mauro. _969453 |
|
| 245 | 1 | 0 |
_aVocabulario de pedagogía / _cMauro Laeng ; [versión de C. Genovart Roselló]. |
| 260 |
_aBarcelona : _bHerder, _c1971. |
||
| 300 |
_a305 p. ; _c20 cm. |
||
| 700 | 1 |
_aGenovard Rosselló, Cándido. _956335 |
|
| 852 |
_aES-MaACL _jC-49012 _bR.79243 |
||
| 999 |
_c87977 _d87977 |
||